Performance Evaluation and Enhancement of Mobile Adhoc Routing Protocols (Record no. 9281)
[ view plain ]
| 000 -LEADER | |
|---|---|
| fixed length control field | 00429 a2200121 4500 |
| 082 ## - DEWEY DECIMAL CLASSIFICATION NUMBER | |
| Classification number | MIT-2 |
| 100 ## - MAIN ENTRY--PERSONAL NAME | |
| Personal name | Kashif Sharif |
| 245 ## - TITLE STATEMENT | |
| Title | Performance Evaluation and Enhancement of Mobile Adhoc Routing Protocols |
| Statement of responsibility, etc. | Kashif Sharif |
| 260 ## - PUBLICATION, DISTRIBUTION, ETC. | |
| Place of publication, distribution, etc. | Islamabad, |
| Name of publisher, distributor, etc. | NUST School of Electrical Engineering & Computer Science, |
| Date of publication, distribution, etc. | 2004. |
| 300 ## - PHYSICAL DESCRIPTION | |
| Extent | xvi, 147 p. : |
| Other physical details | ill. ; |
| Dimensions | 27 cm. |
| 500 ## - GENERAL NOTE | |
| General note | Supervisor : Mr. Nadeem Ahmad. |
| 942 ## - ADDED ENTRY ELEMENTS (KOHA) | |
| Koha item type | Project Report |
| Call number prefix | MIT-2 KAS |
| Withdrawn status | Lost status | Damaged status | Not for loan | Permanent Location | Current Location | Total Checkouts | Full call number | Barcode | Date last seen | Price effective from | Koha item type |
|---|---|---|---|---|---|---|---|---|---|---|---|
| Central Library (CL) | Central Library (CL) | MIT-2 KAS | SEECSP00344 | 11/14/2012 | 11/14/2012 | Project Report | |||||
| Central Library (CL) | Central Library (CL) | MIT-2 KAS | SEECSP00333 | 11/14/2012 | 11/14/2012 | Project Report |
